Bhoomi Aarjan, Punrvas Aur Punarvyavasthapan Me Ucheet Pratikar Aur Pardashita Adhikar Adhiniyam, 2023 (Record no. 360361)

MARC details
000 -LEADER
fixed length control field 00679nam a22001697a 4500
003 - CONTROL NUMBER IDENTIFIER
control field 0
005 - DATE AND TIME OF LATEST TRANSACTION
control field 20260122114040.0
020 ## - INTERNATIONAL STANDARD BOOK NUMBER
ISBN 9789347218774
082 ## - DEWEY DECIMAL CLASSIFICATION NUMBER
Classification number H 343.540252 GAR
100 ## - MAIN ENTRY--AUTHOR NAME
Personal name Garg, Sandeep
245 ## - TITLE STATEMENT
Title Bhoomi Aarjan, Punrvas Aur Punarvyavasthapan Me Ucheet Pratikar Aur Pardashita Adhikar Adhiniyam, 2023
260 ## - PUBLICATION, DISTRIBUTION, ETC. (IMPRINT)
Place of publication New Delhi
Name of publisher Commercial Law Publishers
Year of publication 2026
300 ## - PHYSICAL DESCRIPTION
Number of Pages 50 p.
520 ## - SUMMARY, ETC.
Summary, etc Right to Fair Compensation and Transparency in Land Acquisition, Rehabilitation and Resettlement Act, 2013
650 ## - SUBJECT ADDED ENTRY--TOPICAL TERM
Topical Term Right to Fair Compensation and Transparency in Land Acquisition, Rehabilitation and Resettlement Act, 2013
9 (RLIN) 17223
942 ## - ADDED ENTRY ELEMENTS (KOHA)
Koha item type Books
Holdings
Lost status Home library Current library Date acquired Cost, normal purchase price Full call number Accession Number Koha item type Public Note
  Gandhi Smriti Library Gandhi Smriti Library 2026-01-22 150.00 H 343.540252 GAR 181505 Books 150.00

Powered by Koha